Aspects of Siva and Sakti in Indian Art: (Record no. 203373)

MARC details
000 -LEADER
fixed length control field 00656nam a22001937a 4500
005 - DATE AND TIME OF LATEST TRANSACTION
control field 20240529150136.0
010 ## - LCCN (DPL NO)
LC control number ENG-140540
020 ## - INTERNATIONAL STANDARD BOOK NUMBER
International Standard Book Number 9788121512800
Terms of availability 3000.00
035 ## - SYSTEM CONTROL NUMBER
System control number EN-124072
037 ## - SOURCE OF ACQUISITION
Source of stock number/acquisition DBAD
082 ## - DEWEY DECIMAL CLASSIFICATION NUMBER
Classification number 294.5213
Edition number 1
100 ## - MAIN ENTRY--PERSONAL NAME
Personal name Srivastava, Kamal Shankar
245 ## - TITLE STATEMENT
Title Aspects of Siva and Sakti in Indian Art:
Remainder of title Earliest Times to the Cola Period/
Statement of responsibility, etc By Kamal Shankar Srivastava
250 ## - EDITION STATEMENT
Edition statement 1
260 ## - PUBLICATION, DISTRIBUTION, ETC. (IMPRINT)
Place of publication, distribution, etc New Delhi
Name of publisher, distributor, etc Munshiram Manoharlal Publisher Pvt Ltd
Date of publication, distribution, etc 2021
270 ## - ADDRESS
Address PO Box 5715, Rani Khansi Road
City New Delhi
Postal code 110055
300 ## - PHYSICAL DESCRIPTION
Extent xxxii,562p.
Dimensions 28cm(hbk)
942 ## - ADDED ENTRY ELEMENTS (KOHA)
Source of classification or shelving scheme Dewey Decimal Classification
Item type English Books
Classification part 294.5213
Call number suffix SRI
Edition 1
Holdings
Withdrawn status Lost status Not for loan Collection code Home library Current library Date acquired Source of acquisition Cost, normal purchase price Full call number Barcode Copy number Cost, replacement price Koha item type
    Not For Loan Reference Ashok Vihar Ashok Vihar 29/05/2024 DBAD 3000.00 294.5213 SRI EN-124072 1 3000.00 English Books

© Delhi Public Library
Hit Counter
free hit counter